Statistics for Roddy Ricch Charting Songs (Bubbling Under)

Click here to take the quiz!

General Stats

  • This quiz has been taken 7 times
  • The average score is 9 of 12

Answer Stats

AlbumPeakArtist(s)Song% Correct
Please Excuse Me For Being Antisocial#2Roddy Ricch ft. Ty Dolla $ignBacc Seat
100%
Perfect Ten#13Mustard & Roddy RicchBallin'
100%
Please Excuse Me For Being Antisocial#7Roddy RicchPerfect Time
100%
Please Excuse Me For Being Antisocial#5Roddy RicchBoom Boom Room
75%
Feed Tha Streets II#2Roddy RicchDie Young
75%
Please Excuse Me For Being Antisocial#4Roddy Ricch ft. MustardHigh Fashion
75%
Please Excuse Me For Being Antisocial#20Roddy Ricch ft. Lil DurkMoonwalkin
75%
Non-Album Single#8Marshmello & Roddy RicchProject Dreams
75%
Please Excuse Me For Being Antisocial#21Roddy RicchWar Baby
75%
Feed Tha Streets II#7Roddy RicchEvery Season
50%
Please Excuse Me For Being Antisocial#19Roddy RicchGods Eyes
25%
Please Excuse Me For Being Antisocial#5Roddy RicchIntro
25%

Score Distribution

Percentile by Number Answered

Percent of People with Each Score

Your Score History

You have not taken this quiz